000 00843nas a2200277 4500
001 BR9209612
003 BR-BrBNA
005 20231205093313.0
007 ta
008 230509b bl.|||p| |||| 00| 00por d
040 _aBR-BrBNA
_bpor
_cBiblioteca Nacional de Agricultura
041 _a(Pt)
072 _aF02
100 1 _aZanette, F.
100 1 _aPailo, W.N.
100 1 _aMoraes, A.
245 1 _aObtencao de mudas de capim elefante (Pannisetum purpureum Schum var napier)por cultura de meristemas
650 _aCAPIM ELEFANTE
650 _aMERISTEMA
650 _aMUDA
650 _aENRAIZAMENTO
650 _aTRANSPLANTE DE PLANTA
773 0 _tRevista do Setor de Ciencias Agrarias (Brazil)
_xISSN 0100-607X
_g(1988), v. 10(1-2) p. 175-177
_wBR9209612
909 _a202311
_bLúcia
_c55
_dLúcia Elande
942 _2AGRIS
_n0
_cANA
999 _c137404
_d137404